Responses for Show #2632 - Tuesday, January 30, 1996

Bill Sloan game 2.

Contestants

[<< previous game]

Jim Mehl, a geologist from Alexandria, Virginia

Ellen Mandell, an attorney from Beechwood, Ohio

Bill Sloan, a real estate broker from Mission Viejo, California (whose 1-day cash winnings total $6,600)

[next game >>]

Jeopardy! Round responses

NATIVE AMERICANS
CARD GAMES
WORLD LEADERS
FABRICS & TEXTILES
LETTER PERFECT
POTPOURRI
    $100 21
Skunk

Bill
    $100 26
21

Bill
    $100 1
(J: Who was Marcos?)

Corazon Aquino

BillJim
    $100 16
Silk

Bill
    $100 3
T

Bill
    $100 11
Carbon Dioxide

Jim
    $200 22
Buffalo

Bill
    $200 27
Old Maid

Bill
    $200 2
Benazir Bhutto

Ellen
    $200 17
Muslin

Jim
    $200 5
G-Man

Bill
    $200 12
Philadelphia

Bill
    $300 23
Oshkosh

Bill
    $300 28
Contract Bridge

Bill
    $300 4
Gamal Abdul Nasser

Ellen
    $300 18
Sheep

Bill
    $300 8
D

Jim
    $300 13
Washington, D.C.

Ellen
    $600 24
Pueblo

Bill
    $400 29
Chemin-de-fer

Bill
    $400 6
Sukarno

Bill
    $400 19
(E: What is wool?)

Tweed

BillEllen
    $400 9
L (for Laverne)

Bill
    $400 14
(B: What is Tennessee?)

Kentucky

BillEllen
    $500 25
(J: Who is Geronimo?)

Cochise

EllenJim
    $500 30
(E: What is baccarat?)

Canasta

Ellen
Triple Stumper
    $500 7
President of Mexico

Bill
    $500 20
Rayon

Triple Stumper
    $500 10
Q & Z

Bill
    $500 15
(B: What is Truman's birthday?)

Halloween ("Neewollah" backwards)

BillEllen

Scores at the first commercial break (after clue 15):

Bill Ellen Jim
$1,500 $1,700 $300

Scores at the end of the Jeopardy! Round:

Bill Ellen Jim
$4,500 $1,300 $0

Double Jeopardy! Round responses

REVOLUTIONARY WAR FIGURES
NATIONAL PARKS
TOUGH TV TRIVIA 2
ART
FAMOUS PHYSICIANS
NOVELS & NOVELISTS
    $200 16
Ethan Allen

Bill
    $200 20
Grand Canyon

Ellen
    $200 1
Batman

Bill
    $200 11
the Delaware

Bill
    $200 2
Hippocrates

Ellen
    $200 24
Cervantes

Ellen
    $400 17
the Boston Massacre

Bill
    $400 23
Yellowstone

Ellen
    $400 3
Friends

Jim
    $400 12
Michelangelo

Ellen
    $400 7
Luke

Bill
    $400 25
Jane Austen

Bill
    $600 18
Cornwallis

Bill
    $600 28
Hot Springs

Bill
    $600 4
ER

Jim
    $600 13
Claude Monet

Bill
    $600 8
Dr. William Scholl

Ellen
    $600 26
William Makepeace Thackeray

Ellen
    $1,500 19
Benedict Arnold

Bill
    $1,500 29
Texas

Bill
    $800 5
William Bendix

Ellen
    $800 14
Rembrandt

Bill
    $800 9
(Jim: What is Persia?)

Spain

EllenJim
    $800 27
Somerset Maugham

Bill
    $1000 21
Pierre L'Enfant

Jim
    $1000 22
Olympic National Park

Bill
    $1000 6
(Bill: What is The Twilight Zone?)

Night Gallery

BillEllen
    $1000 15
Winslow Homer

Bill
    $1000 10
Maimonides

Bill
    $1000 30
Fyodor Dostoevsky

Ellen

Scores at the end of the Double Jeopardy! Round:

Bill Ellen Jim
$14,700 $7,500 $1,200

[wagering suggestions for these scores]

Final Jeopardy! Round responses

ENGLAND
(Alex: Stonehenge is located on the [*] Plain, so the correct response is [*].)
JimWhat is Canterbury
$1,200
EllenWhat is West.
$5,000
BillWhat is Coventry
$400
Salisbury

Final scores:

Bill Ellen Jim
$14,300 $2,500 $0
2-day champion: $20,900 2nd place: 5-piece tea service & china set 3rd place: PeopLoungers quality chaise lounger

Game dynamics:

Coryat scores:

Bill Ellen Jim
$13,100 $7,500 $1,200
35 R
(including 3 DDs),
3 W
17 R,
2 W
6 R,
3 W

Combined Coryat: $21,800

[game clues] [game scores] [suggest correction]

Game tape date: Unknown
The J! Archive is created by fans, for fans. Scraping, republication, monetization, and malicious use prohibited; this site may use cookies and collect identifying information. See terms. The Jeopardy! game show and all elements thereof, including but not limited to copyright and trademark thereto, are the property of Jeopardy Productions, Inc. and are protected under law. This website is not affiliated with, sponsored by, or operated by Jeopardy Productions, Inc. Join the discussion at JBoard.tv.